000 00310nam a2200145Ia 4500
100 _aLeon Alexis/ Mathews/ L
942 _cBK
654 _aComputer
245 _aInternet for Everyone
260 _bLeon Tech World
_c1998
082 _a5.74
_bLEO/LEO
300 _a170
546 _aENGLISH
999 _c32877
_d32877